000 00313nam a22001337a 4500
020 _a0-907563-65-1
082 _a004
_bHAR/S
100 _aHARTNELL, TIM
245 _aSPECTRUM + LOGO
260 _aLONDON
_bINTERFACE PUBLICATIONS
_c1985
300 _a64
650 _aCOMPUTER SCIENCE REFERENCE
_zINDIA
942 _cBK
999 _c1658
_d1658